Manual para laboratorios de hidráulica de ingeniería civil

Guardat en:
Dades bibliogràfiques
Autor principal: Fernández Martínez, Javier (Autor)
Format: Llibre
Idioma:espanyol
Publicat: Granada Universidad de Granada 1997
Col·lecció:Monográfica, 232
Matèries:
Etiquetes: Afegir etiqueta
Sense etiquetes, Sigues el primer a etiquetar aquest registre!

MARC

LEADER 00000nam a2200000 a 4500
001 UCN8835
003 CL-VaPUC
008 011123e19970000SP |||||||||||||||||spa|d
082 0 4 |a 627  |b FER  |2 21 
100 0 |a Fernández Martínez, Javier  |e author  |9 465381 
245 1 0 |a Manual para laboratorios de hidráulica de ingeniería civil 
300 |a 190 p 
942 |c BK 
945 |d 20011123 00:00:00  |a vberengu 
260 |a Granada  |b Universidad de Granada  |c 1997 
650 0 |a Ingeniería hidráulica  |9 260281 
650 0 |a Agua  |9 257149 
650 0 |a Manuales  |9 257144 
583 |a last modification  |c 20011123 00:00:00  |k Rodrigo Vera 
490 0 |a Monográfica, 232 
999 |c 298579  |d 298577 
952 |0 0  |1 0  |4 0  |6 627_000000000000000_FER_1997  |7 0  |8 A  |9 354261  |a BIBING  |b BIBING  |d 2019-11-21  |i 376401K  |l 2  |o 627 FER 1997  |p 376401K  |r 2025-01-20  |s 2024-11-21  |w 2019-11-21  |y BK  |k CCL